• 首页
  • 本馆介绍
  • 公告通知
  • 最新文献
  • 馆藏检索
  • 电子资源
  • 读者导购
  • 参考咨询
  • 我的图书馆
  • 登录
  • 详细信息显示
  • 放入我的书架
  • 预约/预借图书
  • 作者相关作品
  • 分类相关作品
  • 丛书相关作品
  • 出版社相关作品

书目信息

  • 表格格式
  • 工作单格式
  • 卡片格式
题名:
百战奇略
    
 
作者: 刘枫 主编
分册:  
出版信息: 银川   阳光出版社  2016
页数: 220页
开本: 23cm
丛书名:
单 册:
中图分类: E892.48
科图分类:
主题词: 兵法--中国--明代
电子资源:
ISBN: 978-7-5525-2887-9
000 01212nam0 2200253 450
001 012001003277
005 20140926114739.0
010    @a978-7-5525-2887-9@dCNY27.80
100    @a20180513d2016 em y0chiy50 ea
101 0  @achi
102    @aCN@b640000
105    @ay z 000yy
106    @ar
200 1  @a百战奇略@9bai zhan qi lve@f刘枫主编
210    @a银川@c阳光出版社@d2016
215    @a220页@d23cm
300    @a中国古典名著精华
330    @a中国古典名著精华系列精选中国古代优秀典籍44种,这些作品中蕴含着优美的语言、闪光的思想、独特的意境,能够传达深邃的人生哲理。阅读这些古典名著,不仅可以给人以美的享受,能让人真切地感受当时的社会生活,从而丰富精神世界、开拓眼界,更好地帮助中小学生规划人生,还可以更为全面、系统地了解中国古典文化的精髓。读《百战奇略》就像进入了一堂充满想象力的艺术课堂,能够深切体会到古人的战争艺术,古人的战争创新让后人看到的是古人智力迸发的盛宴。战争既是科学更是艺术,它没有既定的规则。战无定法,出奇制胜乃是兵家的艺术性所在。战场成为创新实验室,让小读者感受古人的创新精神。
605    @a《百战奇略》@j通俗读物
606 0  @a兵法@y中国@z明代
690    @aE892.48@v5
701  0 @a刘枫@9liu feng@4主编
801  0 @aCN@b上海新华@c20180901
905    @b1154213-7@dE892.48@e95@f5
    
    百战奇略/刘枫主编.-银川:阳光出版社,2016
    220页;23cm
    中国古典名著精华
    
    ISBN 978-7-5525-2887-9:CNY27.80
    中国古典名著精华系列精选中国古代优秀典籍44种,这些作品中蕴含着优美的语言、闪光的思想、独特的意境,能够传达深邃的人生哲理。阅读这些古典名著,不仅可以给人以美的享受,能让人真切地感受当时的社会生活,从而丰富精神世界、开拓眼界,更好地帮助中小学生规划人生,还可以更为全面、系统地了解中国古典文化的精髓。读《百战奇略》就像进入了一堂充满想象力的艺术课堂,能够深切体会到古人的战争艺术,古人的战争创新让后人看到的是古人智力迸发的盛宴。战争既是科学更是艺术,它没有既定的规则。战无定法,出奇制胜乃是兵家的艺术性所在。战场成为创新实验室,让小读者感受古人的创新精神。
●
相关链接 在E读中查询图书 在五车中查询图书 在当当中查询图书 在豆瓣中查询图书


正题名:百战奇略     索取号:E892.48/95         预约/预借

序号 登录号 条形码 馆藏地/架位号 状态 备注
1 1154213   211542133   第一样本阅览室/ [索取号:E892.48/95] 在馆    
2 1154214   211542142   第一借阅区/ [索取号:E892.48/95] 在馆    
3 1154215   211542151   第一借阅区/ [索取号:E892.48/95] 在馆    
4 1154216   211542160   第一借阅区/ [索取号:E892.48/95] 在馆    
5 1154217   211542179   第一借阅区/ [索取号:E892.48/95] 在馆    
唐山师范学院图书馆 欢迎您!
大连网信软件有限公司© 版权所有